Bytový dom

Salvato in:
Dettagli Bibliografici
Autore principale: Cvíčela, Filip (Autore)
Altri autori: Paulovičová, Lucia (Relatore della tesi)
Natura: Manoscritto Libro
Lingua:slovacco
Pubblicazione: 2025
Soggetti:
Accesso online:http://is.stuba.sk/zp/portal_zp.pl?podrobnosti=175901
CRZP
Tags: Aggiungi Tag
Nessun Tag, puoi essere il primo ad aggiungerne!!

MARC

LEADER 00000ntm a22000003a 4500
001 stuzp104747
003 SK-STU
005 20250722134920.5
007 ta
008 150427s2015----xo-----f-mn---000-0-slo-d
040 |a STU  |b slo 
041 0 |a slo 
100 1 |a Cvíčela, Filip  |u 010270  |4 aut  |U SvF Stavebná fakulta  |T SvF Katedra technológie stavieb  |X 121301  |U V270  |Y 28  |7 121301 
242 0 1 |a Apartment House  |y eng 
245 1 0 |a Bytový dom 
260 |c 2025 
650 4 |a podlahové vykurovanie  |2 slo 
650 4 |a projekt organizácie výstavby  |2 slo 
650 4 |a bytový dom  |2 slo 
650 4 |a residential building  |2 eng 
650 4 |a underfloor heating  |2 eng 
650 4 |a construction organization project  |2 eng 
700 1 |a Paulovičová, Lucia  |u 010270  |k Z8  |4 ths  |U SvF Stavebná fakulta  |T SvF Katedra technológie stavieb  |X 52129  |U V270  |Y 28  |7 A000052129 
856 4 |u http://is.stuba.sk/zp/portal_zp.pl?podrobnosti=175901 
856 4 |u https://opac.crzp.sk/?fn=detailBiblioForm&sid=D39A92077CB2E2E72848E5898013  |z CRZP